Zmeny obsahu ekonomických nástrojov od roku 2013

Nové ekonomické pravidlá a ekonomické súvislosti v oblasti investičnej pomoci. Vybrané zmeny v Zákonníku práce.

Salvato in:
Dettagli Bibliografici
Autore principale: Strážovská, Helena
Natura: Capitolo di libro
Lingua:slovacco
Soggetti:
Tags: Aggiungi Tag
Nessun Tag, puoi essere il primo ad aggiungerne!!

MARC

LEADER 00000naa a2200000 4500
001 0179785
005 20240502073045.5
041 0 |a slo 
044 |a SK 
245 1 0 |a Zmeny obsahu ekonomických nástrojov od roku 2013  |c Helena Strážovská 
520 |a Nové ekonomické pravidlá a ekonomické súvislosti v oblasti investičnej pomoci. Vybrané zmeny v Zákonníku práce. 
610 2 0 |a nástroje ekonomické 
610 2 0 |a Slovensko 
610 2 0 |a legislatíva 
610 2 0 |a investície 
610 2 0 |a stimuly ekonomické 
100 1 |a Strážovská, Helena